Girl with a pearl earring / (Record no. 611)
[ view plain ]
| 000 -LEADER | |
|---|---|
| fixed length control field | 00849cam a2200265 4500 |
| 001 - CONTROL NUMBER | |
| control field | 855 |
| 003 - CONTROL NUMBER IDENTIFIER | |
| control field | OCoLC |
| 005 - DATE AND TIME OF LATEST TRANSACTION | |
| control field | 20181127162210.0 |
| 008 - FIXED-LENGTH DATA ELEMENTS--GENERAL INFORMATION | |
| fixed length control field | 010511r20011999nyu 000 1 eng d |
| 010 ## - LIBRARY OF CONGRESS CONTROL NUMBER | |
| Canceled/invalid LC control number | 99032493 |
| 020 ## - INTERNATIONAL STANDARD BOOK NUMBER | |
| International Standard Book Number | 0452282152 (pbk.) |
| 043 ## - GEOGRAPHIC AREA CODE | |
| Geographic area code | e-ne--- |
| 100 1# - MAIN ENTRY--PERSONAL NAME | |
| Personal name | Chevalier, Tracy. |
| 245 10 - TITLE STATEMENT | |
| Title | Girl with a pearl earring / |
| Statement of responsibility, etc. | Tracy Chevalier. |
| 260 ## - PUBLICATION, DISTRIBUTION, ETC. | |
| Place of publication, distribution, etc. | New York : |
| Name of publisher, distributor, etc. | Plume, |
| Date of publication, distribution, etc. | 2001. |
| 300 ## - PHYSICAL DESCRIPTION | |
| Extent | 233 p. ; |
| Dimensions | 20 cm. |
| 500 ## - GENERAL NOTE | |
| General note | Originally published: New York : Dutton, c1999. |
| 600 10 - SUBJECT ADDED ENTRY--PERSONAL NAME | |
| Personal name | Vermeer, Johannes, |
| Dates associated with a name | 1632-1675 |
| Form subdivision | Fiction. |
| 650 #0 - SUBJECT ADDED ENTRY--TOPICAL TERM | |
| Topical term or geographic name entry element | Artists's models |
| Form subdivision | Fiction. |
| Topical term or geographic name entry element | Women household employees |
| Form subdivision | Fiction. |
| 651 #0 - SUBJECT ADDED ENTRY--GEOGRAPHIC NAME | |
| Geographic name | Delft (Netherlands) |
| Form subdivision | Fiction. |
| Geographic name | Netherlands |
| General subdivision | Social life and customs |
| Chronological subdivision | 17th century |
| Form subdivision | Fiction. |
| 655 #7 - INDEX TERM--GENRE/FORM | |
| Genre/form data or focus term | Biographical fiction. |
| Source of term | lcsh. |
| Genre/form data or focus term | Historical fiction. |
| Source of term | gsafd. |
| Withdrawn status | Lost status | Source of classification or shelving scheme | Damaged status | Not for loan | Collection code | Home library | Current library | Shelving location | Date acquired | Serial Enumeration / chronology | Inventory number | Total Checkouts | Total Renewals | Full call number | Barcode | Date last seen | Date last checked out | Copy number | Price effective from | Koha item type |
|---|---|---|---|---|---|---|---|---|---|---|---|---|---|---|---|---|---|---|---|---|
| Dewey Decimal Classification | Fiction | RTC Library | RTC Library | Fiction | 07/04/2022 | 1573 | 4 | 2 | FIC 813.54 CHE | 30000678 | 15/09/2025 | 02/09/2025 | 1 | 27/11/2018 | Fiction | |||||
| Dewey Decimal Classification | RTC Library | RTC Library | 07/04/2022 | 483 | 4 | 1 | FIC 813.54 CHE | 30000675 | 07/04/2023 | 23/03/2023 | 2 | 27/11/2018 | Main |